000 00695nam a2200241Ia 4500
003 OSt
005 20220918222244.0
006 a|||||r|||| 00| 0
007 ta
008 220917b |||||||| |||| 00| 0 eng d
024 _a216,253
037 _cTextual
040 _aARTS
_cARTS
_beng
041 _2eng
_aeng
082 _aP15:3, M8
100 _aCamps Arnulf
_9142648
245 0 _aSanskrit grammer and manuscripts of father Heinrich Roth S.J. (1620-1668)
260 _aNew York
_bE.J. Brill USA
_c1988
650 _aLINGUISTICS
700 _a Muller Jean-Claude
_9142649
942 _hP15:3, M8
_cTEXL
_2CC
999 _c274997
_d274997